<?xml version="1.0" encoding="UTF-8"?>
<marc:record xmlns:marc="http://www.loc.gov/MARC21/slim">
   <marc:leader>00000nam a2200000 a 4500</marc:leader>
   <marc:datafield ind1="1" ind2=" " tag="100">
      <marc:subfield code="a">Bär, Dietmar</marc:subfield>
   </marc:datafield>
   <marc:datafield ind1="1" ind2=" " tag="100">
      <marc:subfield code="a">Lagercrantz, David</marc:subfield>
   </marc:datafield>
   <marc:datafield ind1="0" ind2="0" tag="245">
      <marc:subfield code="a">Die Verschwörung [Tonträger]</marc:subfield>
   </marc:datafield>
   <marc:datafield ind1="0" ind2="0" tag="245">
      <marc:subfield code="c">David Lagercrantz. Gelesen von Dietmar Bär</marc:subfield>
   </marc:datafield>
   <marc:datafield ind1=" " ind2="1" tag="264">
      <marc:subfield code="b">Random House Audio</marc:subfield>
      <marc:subfield code="c">2015</marc:subfield>
   </marc:datafield>
   <marc:datafield ind1="1" ind2=" " tag="520">
      <marc:subfield code="a">Mikael Blomkvist steht vor einer Entscheidung. Böse Zungen behaupten, er sei nicht länger der Journalist, der er einst war. Lisbeth Salander hingegen ist aktiv wie eh und je. Die Wege kreuzen sich, als Frans Balder, einer der weltweit führenden Experten für künstliche Intelligenz, ermordet wird. Kurz vor seinem Tod hatte er Mikael Blomkvist brisante Informationen versprochen. Als Blomkvist erfährt, dass Balder auch in Kontakt zu Lisbeth Salander stand, nimmt er die Recherche auf. Die Spur führt zu einem amerikanischen Softwarekonzern, der mit der NSA verknüpft ist. Mikael Blomkvist wittert seine Chance, die Enthüllungsstory zu schreiben, die er so dringend braucht. Doch wie immer verfolgt Lisbeth Salander ihre ganz eigene Agenda.</marc:subfield>
   </marc:datafield>
   <marc:datafield ind1=" " ind2=" " tag="020">
      <marc:subfield code="a">2090438124018</marc:subfield>
      <marc:subfield code="9">2090438124018</marc:subfield>
   </marc:datafield>
   <marc:datafield ind1="0" ind2=" " tag="490">
      <marc:subfield code="v">0</marc:subfield>
   </marc:datafield>
   <marc:datafield ind1=" " ind2=" " tag="300">
      <marc:subfield code="a">2 MP3-CD (550 Min.)</marc:subfield>
   </marc:datafield>
</marc:record>
